| 000 | 01307nam a22001937a 4500 | ||
|---|---|---|---|
| 005 | 20260425124741.0 | ||
| 020 | _a9789386858146 | ||
| 082 | _a006.37 SON | ||
| 100 |
_aMilan Sonka _91124 |
||
| 100 |
_aVaclav Hlavac _91125 |
||
| 100 |
_aRoger Boyle _91126 |
||
| 245 | _aImage Processing_Analysis and Machine Vision_4th Edition | ||
| 250 | _a4 | ||
| 260 |
_aCengage Learning _b New Delhi _c2025 |
||
| 520 | _aThe brand new edition of IMAGE PROCESSING, ANALYSIS, AND MACHINE VISION is a robust text providing deep and wide coverage of the full range of topics encountered in the field of image processing and machine vision. As a result, it can serve undergraduates, graduates, researchers, and professionals looking for a readable reference. The book's encyclopedic coverage of topics is wide, and it can be used in more than one course (both image processing and machine vision classes). In addition, while advanced mathematics is not needed to understand basic concepts (making this a good choice for undergraduates), rigorous mathematical coverage is included for more advanced readers. It is also distinguished by its easy-to-understand algorithm descriptions of difficult concepts, and a wealth of carefully selected problems and examples. | ||
| 546 | _aEnglish | ||
| 650 |
_aCSE _914 |
||
| 942 | _cBK | ||
| 999 |
_c38041 _d38041 |
||